[Event "Penang op 15th"]
[Site "Penang"]
[Date "2023.12.21"]
[Round "7"]
[White "Lim, Kun Hoe"]
[Black "Nyimas, Shieta Prima Citra"]
[Result "1/2-1/2"]
[WhiteElo "1358"]
[BlackElo "1817"]
[PlyCount "70"]
[EventDate "2023.12.18"]
[EventType "swiss"]
[EventRounds "9"]
[EventCountry "MAS"]
[SourceTitle "CB52_2023"]
[SourceDate "2023.12.27"]
[SourceVersion "1"]
[SourceVersionDate "2023.12.27"]
[SourceQuality "1"]

1. Nf3 d5 2. g3 Nf6 3. c4 e6 4. Bg2 Be7 5. 0-0 0-0 6. d4 c6 7. Nbd2 Nbd7 8. e3 Re8 9. b3 Bd6 10. Bb2 Nf8 11. Re1 Ng6 12. e4 Bc7 13. Qc2 a6 14. Rac1 Ba5 15. Bc3 Bxc3 16. Qxc3 Rb8 17. exd5 exd5 18. Rxe8+ Qxe8 19. Re1 Qd8 20. h3 Bf5 21. Ne5 Nxe5 22. Rxe5 Be6 23. Kh2 b5 24. Re1 Qb6 25. c5 Qc7 26. b4 Re8 27. Nb3 Qd7 28. Qd3 Bf5 29. Rxe8+ Nxe8 30. Qe3 Qe6 31. Na5 Qxe3 32. fxe3 Bd7 33. e4 Nc7 34. exd5 cxd5 35. g4 g5 1/2-1/2

[Event "Penang op 15th"]
[Site "Penang"]
[Date "2023.12.18"]
[Round "1"]
[White "Rajasa, Muhammad Andi"]
[Black "Lim, Kun Hoe"]
[Result "1-0"]
[WhiteElo "1849"]
[BlackElo "1358"]
[PlyCount "151"]
[EventDate "2023.12.18"]
[EventType "swiss"]
[EventRounds "9"]
[EventCountry "MAS"]
[SourceTitle "CB52_2023"]
[SourceDate "2023.12.27"]
[SourceVersion "1"]
[SourceVersionDate "2023.12.27"]
[SourceQuality "1"]

1. b4 Nf6 2. Bb2 g6 3. Nf3 Bg7 4. e3 d5 5. Be2 Nbd7 6. 0-0 0-0 7. c4 c6 8. Nc3 e6 9. Rc1 Re8 10. Qb3 dxc4 11. Bxc4 Nb6 12. Be2 e5 13. d4 Be6 14. Qc2 Nfd5 15. a3 exd4 16. Nxd5 Bxd5 17. Nxd4 Qg5 18. Nf3 Qe7 19. Bxg7 Kxg7 20. Rfd1 Nd7 21. h3 Nf6 22. Qb2 Kg8 23. Nd4 a6 24. Nb3 Bxb3 25. Qxb3 Rad8 26. Bc4 Ne4 27. Qc2 Nd6 28. Be2 Rd7 29. Bg4 f5 30. Bf3 Red8 31. g4 Qh4 32. Kg2 Nf7 33. Rxd7 Rxd7 34. gxf5 Ng5 35. Qc4+ Qxc4 36. Rxc4 Nxf3 37. Kxf3 gxf5 38. Kf4 Rd2 39. f3 Rd3 40. Rd4 Rxa3 41. Rd8+ Kf7 42. Rd7+ Kg6 43. Rxb7 Rc3 44. Rb6 Kf6 45. Rxa6 Rc4+ 46. Kg3 Rxb4 47. Rxc6+ Kf7 48. Rc7+ Kg6 49. Rd7 Rb3 50. Rd6+ Kg5 51. Re6 Rb4 52. Rd6 Rc4 53. Rd5 Kf6 54. Rd4 Rc1 55. Kf4 Rh1 56. Rd6+ Kg7 57. Kxf5 Rxh3 58. Kg4 Rh1 59. f4 Re1 60. Re6 Rh1 61. e4 h5+ 62. Kg5 Rf1 63. Rg6+ Kf7 64. Rh6 Re1 65. e5 Kg7 66. Rxh5 Kf7 67. Kf5 Rf1 68. Rh7+ Kf8 69. e6 Ke8 70. Ke5 Rf3 71. f5 Kf8 72. Kf6 Kg8 73. Rg7+ Kh8 74. Rg5 Rh3 75. e7 Rh6+ 76. Kf7 1-0

[Event "Penang op-B 14th"]
[Site "Penang"]
[Date "2022.12.21"]
[Round "4"]
[White "Lim, Kun Hoe"]
[Black "Lim, Wei Yang1111"]
[Result "1/2-1/2"]
[WhiteElo "1289"]
[BlackElo "1437"]
[PlyCount "73"]
[EventDate "2022.12.19"]
[EventType "swiss"]
[EventRounds "9"]
[EventCountry "MAS"]
[SourceTitle "EXT 2024"]
[Source "ChessBase"]
[SourceDate "2023.10.10"]
[SourceVersion "1"]
[SourceVersionDate "2023.10.10"]
[SourceQuality "1"]

1. a3 Nf6 2. c4 e5 3. e3 c5 4. Nc3 Nc6 5. g3 g6 6. Bg2 Bg7 7. e4 d6 8. Nge2 0-0 9. d3 h6 10. 0-0 Be6 11. f4 Nd4 12. Nxd4 cxd4 13. Nd5 exf4 14. Nxf6+ Qxf6 15. Bxf4 Qe7 16. g4 Rad8 17. b4 Qh4 18. h3 h5 19. gxh5 Bxh3 20. Bxh3 Qxh3 21. Ra2 Qxh5 22. Qxh5 gxh5 23. Rh2 f6 24. Rxh5 Kf7 25. Kf2 Rh8 26. Rfh1 Ke6 27. Bh6 Rhg8 28. Bxg7 Rxg7 29. Rg1 Rf7 30. Rg6 b6 31. Rd5 Rh8 32. Rxd4 Rh2+ 33. Rg2 Rh1 34. b5 Ra1 35. Rg8 Rh7 36. Rd8 Rh3 37. R4xd6+ 1/2-1/2